Guess The Band: Most Popular Songs - Statistics

General Stats
  • This quiz has been taken 198 times
  • The average score is 16 of 21
Answer Stats
Songs Band % Correct
"Bohemian Rhapsody", "We Will Rock You", "Another One Bites The Dust" Queen
97%
"Here Comes The Sun", "Hey Jude", "Let It Be" The Beatles
95%
"Highway To Hell", "Back In Black", "Thunderstruck" AC/DC
94%
"Dancing Queen", "Gimme! Gimme! Gimme! (A Man After Midnight)", "Take a Chance On Me" ABBA
93%
"Smells Like Teen Spirit", "Come As You Are", "Something In The Way" Nirvana
93%
"Viva La Vida", "The Scientist", "Yellow" Coldplay
91%
"Boulevard of Broken Dreams", "American Idiot", "Wake Me Up When September Ends" Green Day
86%
"Sweet Child O' Mine", "Welcome To The Jungle", "Paradise City" Guns N' Roses
86%
"Enter Sandman", "Master of Puppets", "Nothing Else Matters" Metallica
85%
"Stairway To Heaven", "Immigrant Song", "Kashmir" Led Zeppelin
77%
"In The End", "Numb", "Crawling" Linkin Park
75%
"Stressed Out", "Ride", "Heathens" twenty one pilots
74%
"Paranoid", "Iron Man", "War Pigs" Black Sabbath
73%
"Chop Suey", "Toxicity", "Aerials" System of a Down
65%
"I Write Sins Not Tragedies", "High Hopes", "Hey Look Ma, I Made It" Panic! At The Disco
64%
"Comfortably Numb", "Time", "Money" Pink Floyd
64%
"Welcome To The Black Parade", "Helena", "I'm Not Okay (I Promise)" My Chemical Romance
57%
"Sugar, We're Goin' Down", "Uma Thurman", "Centuries" Fall Out Boy
56%
"Misery Business", "Ain't It Fun", "Still Into You" Paramore
56%
"Break Stuff", "Rollin' (Air Raid Vehicle)", "Nookie" Limp Bizkit
50%
"Psychosocial", "Duality", "Wait and Bleed" Slipknot
44%
No matching quizzes found
Score Distribution
Percent of People with Each Score
Percentile by Number Answered
Your Score History
You have not taken this quiz